El admirable por antonomasia, sermon panegyrico, que en honra del Gran Padre, y Patriarca San Ignacio de Loyola, predicó el P. Joseph Prudencio de la Piedra... Ministro del colegio del Espiritu Santo de la ciudad de la Puebla de los Angeles: quien lo dedica en nombre del R.P. Augustin Carta,... Provincial de esta provincia de Nueva España, al mismo ss. patriarca

Detalles Bibliográficos
Autor principal: Piedra, José Prudencio de la
Formato: Libro
Lenguaje:Undetermined
Spanish
Publicado: [Mexico] : en el Rl. Colegio de San Ildefonso de Mexico, 1759.
Materias:
Colección:Banco de datos
Acervo:Biblioteca Palafoxiana. Colección bibliográfica
Descripción Física:[8], 18 p. ; 4°
Tema general:Homilética
Notas:Número de localización: 16220-L
LEADER 00914nam a2200181Ia 4500
008 150723s9999 xx 000 0 und d
041 0 |a spa 
050 0 |a PAFX BV4207 P3 
100 1 |a Piedra, José Prudencio de la 
245 1 0 |a El admirable por antonomasia, sermon panegyrico, que en honra del Gran Padre, y Patriarca San Ignacio de Loyola, predicó el P. Joseph Prudencio de la Piedra... Ministro del colegio del Espiritu Santo de la ciudad de la Puebla de los Angeles: quien lo dedica en nombre del R.P. Augustin Carta,... Provincial de esta provincia de Nueva España, al mismo ss. patriarca 
260 |a [Mexico] : en el Rl. Colegio de San Ildefonso de Mexico, 1759. 
300 |a [8], 18 p. ; 4° 
500 |a Número de localización: 16220-L 
501 |a Encuadernado con 11 obras 
650 1 0 |a Homilética 
942 |c PALALIB 
943 |g Biblioteca Palafoxiana. Colección bibliográfica 
999 |c 1054220  |d 1054220